Normal view
MARC view
- SELBY, SAMUEL,SWEET, L
Entry Personal Name
001 - CONTROL NUMBER
- control field: 77983
003 - CONTROL NUMBER IDENTIFIER
- control field: NUST
005 - DATE AND TIME OF LATEST TRANSACTION
- control field: 20210628210039.0
008 - FIXED-LENGTH DATA ELEMENTS
- fixed length control field: 210628|| aca||aabn | a|a d
040 ## - CATALOGING SOURCE
- Original cataloging agency: NUST
- Transcribing agency: NUST
100 ## - HEADING--PERSONAL NAME
- Personal name: SELBY, SAMUEL,SWEET, L
670 ## - SOURCE DATA FOUND
- Source citation: Work cat.: (NUST): SELBY, SAMUEL,SWEET, L, SETS RELATIONS FUNCTIONS, 1969
